000 00944nam#a22002895a#4500
001 2114
008 130618s2013####ag#a###g######001#0#spa#d
245 1 0 _aReglamento de hándball :
_b2012-2013 /
_cedición revisada y autorizada por la Confederación Argentina de Hándball y la Asociación Argentina de Árbitros de Balonmano.
250 _a1ª ed.
260 _aBuenos Aires :
_bStadium,
_c2013.
300 _a94 p. :
_bil. byn. ;
_c17 cm.
490 0 _aReglamentos ;
_vno. 5
020 _a9789505312726
110 2 _aConfederación Argentina de Hándball,
_erevisor.
_4rev
710 2 _aAsociación Argentina de Árbitros de Balonmano,
_erevisor.
_4rev
080 _a796.322(060.13)
084 _aR35
653 _aHándball
653 _aReglamentos
653 _aDeporte
653 _aJuegos de pelota
653 _aEducación física
040 _aAR-ClEAG
_cAR-ClEAG
005 20241107184734.0
003 AR-ClEAG
942 _cBK
999 _c2114
_d2114
980 _62
_aEvangelina Gallicchio
_82
_gEvangelina Gallicchio